Как хорошо ты знаешь Римскую империю? - Statistics

General Stats
  • This quiz has been taken 98 times
  • The average score is 4 of 10
Answer Stats
Подсказка Ответ % Correct
Кто, согласно легенде, основал Рим? Ромул
88%
Кто был первым римским императором? Октавиан Август
75%
Какое государство являлось наиболее опасным для Древнего Рима в III веке до нашей эры? Карфаген
61%
Как называлось право позволяющее наложить запрет на принятое решение и действия магистра? Вето
61%
Как звали древнеримского бога царства мёртвых? Плутон
40%
Как называли римских военачальников? Центурион
33%
В праздник какого бога у рабов создавалась иллюзия того, что они свободны? Сатурн
22%
В каком году столицей Римской империи стал Константинополь? 330
21%
Кто является последним правителем из династии Антонинов? Коммод
11%
Как называлась ячейка армии Древнего Рима, которая насчитывала 10 человек? Контуберний
3%
No matching quizzes found
Score Distribution
Percent of People with Each Score
Percentile by Number Answered
Your Score History
You have not taken this quiz